export_success — 

Projective identification and narcissism in the psychoanalyst's theory and clinical work /

Bibliographic Details
Main Author: Orasanu, Brindusa, (Author)
Other Authors: Magureanu, Gabriela, (Translator), Neau, Francoise, (writer of foreword.)
Format: eBook
Language:English
Published: New York : Addleton Academic Publishers, [2016]
Subjects:
Online Access:Click to View
LEADER 01851nam a2200421 i 4500
001 EBC6708536
003 MiAaPQ
005 20220603101619.0
006 m o d |
007 cr cnu||||||||
008 220603s2016 nyu o 000 0 eng d
020 |z 9781942585329  |q (print) 
020 |a 9781942585336  |q (electronic bk.) 
035 |a (MiAaPQ)EBC6708536 
035 |a (Au-PeEL)EBL6708536 
035 |a (OCoLC)1265460613 
040 |a MiAaPQ  |b eng  |e rda  |e pn  |c MiAaPQ  |d MiAaPQ 
050 4 |a RC455.4.P76  |b .O737 2016 
082 0 |a 616.89  |2 23 
100 1 |a Orasanu, Brindusa,  |e author. 
245 1 0 |a Projective identification and narcissism in the psychoanalyst's theory and clinical work /  |c Brindusa Orasanu ; foreword by Francoise Neau ; translated from Romanian by Gabriela Magureanu. 
264 1 |a New York :  |b Addleton Academic Publishers,  |c [2016] 
264 4 |c Ã2016 
300 |a 1 online resource (185 pages) 
336 |a text  |b txt  |2 rdacontent 
337 |a computer  |b c  |2 rdamedia 
338 |a online resource  |b cr  |2 rdacarrier 
588 |a Description based on print version record. 
590 |a Electronic reproduction. Ann Arbor, MI : ProQuest, 2018. Available via World Wide Web. Access may be limited to ProQuest affiliated libraries. 
650 0 |a Projective identification. 
650 0 |a Projection (Psychology) 
650 0 |a Narcissism. 
655 4 |a Electronic books. 
700 1 |a Magureanu, Gabriela,  |e translator. 
700 1 |a Neau, Francoise,  |e writer of foreword. 
776 0 8 |i Print version:  |a Orasanu, Brindusa.  |t Projective identification and narcissism in the psychoanalyst's theory and clinical work.  |d New York : Addleton Academic Publishers, c2016   |h 185 pages   |z 9781942585329 
797 2 |a ProQuest (Firm) 
856 4 0 |u https://ebookcentral.proquest.com/lib/matrademy/detail.action?docID=6708536  |z Click to View